Astrofotografía: El paisaje nocturno.
Збережено в:
| Автор: | |
|---|---|
| Формат: | Книга |
| Опубліковано: |
Madrid, España:
Anaya Multimedia,
2022.
|
| Редагування: | Cuarta edición. |
| Серія: | PhotoClub.
|
| Предмети: | |
| Теги: |
Додати тег
Немає тегів, Будьте першим, хто поставить тег для цього запису!
|
MARC
| LEADER | 00000nam a22000007a 4500 | ||
|---|---|---|---|
| 003 | CL-VaPUC | ||
| 005 | 20250321101929.0 | ||
| 008 | 250121t2022 ||||| |||| 00| 0 eng d | ||
| 999 | |c 446721 |d 446719 | ||
| 020 | |a 978-84-415-4258-7 | ||
| 040 | |c Pontificia Universidad Católica de Valparaíso | ||
| 082 | |a 522.63 MAR 2022 | ||
| 100 | |9 895695 |a Martínez Morán, Javier |e autor | ||
| 245 | |a Astrofotografía: |b El paisaje nocturno. | ||
| 250 | |a Cuarta edición. | ||
| 260 | |a Madrid, España: |b Anaya Multimedia, |c 2022. | ||
| 300 | |a 287 páginas: |b fotografías. | ||
| 490 | |a PhotoClub. | ||
| 500 | |a c.1. Instituto Arcos.08-01-2025. | ||
| 583 | |c 20250121 |k Gabriela Rodríguez Cuevas | ||
| 650 | 0 | |9 260985 |a Astronomía |x Fotografía | |
| 650 | 0 | |9 734169 |a Astrofotografías |x Técnica | |
| 650 | 0 | |9 327778 |a Fotografía de paisajes |x Técnica | |
| 942 | |2 ddc |c BK |n 0 | ||
| 952 | |0 0 |1 0 |2 ddc |4 0 |6 522_630000000000000_MAR_2022 |7 0 |9 599697 |a BIBINC |b BIBINC |c GEN |d 2025-01-21 |e Instituto Arcos |i 5664567 |o 522.63 MAR 2022 |p 5664567 |r 2025-01-21 |t 1 |w 2025-01-21 |y BK |k IFP | ||